| 000 | 00462nam a22001937a 4500 | ||
|---|---|---|---|
| 001 | 00028566 | ||
| 005 | 20260313115250.0 | ||
| 008 | 260313b ag ||||| |||| 00| 0 spa d | ||
| 020 | _a9789875763975 | ||
| 040 |
_bspa _cAR-CcCEOS |
||
| 080 | _a51 | ||
| 090 | _bMAT | ||
| 245 | _aMatimática 4 | ||
| 250 | _a2ª ed., 4ª reimp. | ||
| 260 |
_aBuenos Aires : _bTinta Fresca, _c2016. |
||
| 300 |
_a176 p. ; _c28x21 cm. |
||
| 650 | 0 | _amanual | |
| 942 |
_2udc _cBK |
||
| 999 |
_c28596 _d28596 |
||
| 945 |
_a66467 _bMelina Rolando _c66467 _dMelina Rolando |
||